000 00688nam a2200181Ia 4500
008 151018s9999 xx 000 0 und d
082 _bRBASDV59608
_a922
100 _aविठ्ठ्लराय भट
245 _aनेताजी सुभाषचन्द्र बोस
250 _b1
260 _bमनोविकास प्रकाशन पुणे
_c2013
300 _a108
600 _aविठ्ठ्लराय भट
630 _aनेताजी सुभाषचन्द्र बोस
700 _aविठ्ठ्लराय भट
730 _aनेताजी सुभाषचन्द्र बोस
942 _cBOOK
999 _c1053466
_d1053463